000 00292nam a22001337a 4500
008 170214b xxu||||| |||| 00| 0 eng d
020 _a9780134070254
041 _aeng
080 _26TH
_a61
100 _a4
101 _aSHM
245 _aMEDICAL TERMINOLOGY
_cFREMGEN, B.F
942 _2udc
_cBK
999 _c5410
_d5410